Paraules del President de la Generalitat : gener-desembre 1990 / Jordi Pujol gener-desembre 1990 / Jordi Pujol
Publicado:
Barcelona :
Generalitat de Catalunya, Entitat Autònoma del Diari Oficial i de Publicacions ,
1991
Descripción Física:
325 p. ; 22 cm
Materias:
Pujol, Jordi -- Discursos
MARC
| LEADER | 00000nam a2200000Ia 4500 | ||
|---|---|---|---|
| 001 | 9491 | ||
| 008 | 160829s1991 xx 000 0 cat d | ||
| 080 | |a M-2-190 | ||
| 110 | 1 | |9 54008 |a Catalunya. |b President (1980-2003 : Pujol) | |
| 245 | |a Paraules del President de la Generalitat : |b gener-desembre 1990 / Jordi Pujol | ||
| 260 | |a Barcelona : |b Generalitat de Catalunya, Entitat Autònoma del Diari Oficial i de Publicacions, |c 1991 | ||
| 300 | |a 325 p. ; |c 22 cm | ||
| 490 | |a Paraules del President de la Generalitat ; 21 | ||
| 650 | |a Pujol, Jordi |x Discursos |9 31652 | ||
| 901 | |a Arxiu | ||
| 942 | |n 1 |2 udc | ||
| 952 | |0 0 |1 0 |4 0 |6 M2190 |7 1 |9 42215 |a Arxiu |b Arxiu |d 2016-12-01 |l 0 |o M-2-190 |p 9491 |r 2016-12-01 00:00:00 |w 2016-12-01 |y ARXIU | ||
| 999 | |c 44662 |d 44662 | ||